Astronomy and astrophysics abstracts (Record no. 11264)

MARC details
000 -LEADER
fixed length control field 00719nam a2200217Ia 4500
003 - CONTROL NUMBER IDENTIFIER
control field IN-BaIIA
008 - FIXED-LENGTH DATA ELEMENTS--GENERAL INFORMATION
fixed length control field 211028s9999 xx 000 0 eng d
020 ## - INTERNATIONAL STANDARD BOOK NUMBER
International Standard Book Number 3-540-58326-2
040 ## - CATALOGING SOURCE
Transcribing agency IIA Library
080 ## - UNIVERSAL DECIMAL CLASSIFICATION NUMBER
Universal Decimal Classification number 048.1:52
Item number AAA-58B
100 ## - MAIN ENTRY--PERSONAL NAME
Personal name burkhardt, G
245 #0 - TITLE STATEMENT
Title Astronomy and astrophysics abstracts
Remainder of title vol 58A, literature 1993, pt. 2
Statement of responsibility, etc. G. Burkhardt...[et.al]
260 ## - PUBLICATION, DISTRIBUTION, ETC.
Place of publication, distribution, etc. Berlin
Name of publisher, distributor, etc. Springer-Verlag
Date of publication, distribution, etc. 1994
300 ## - PHYSICAL DESCRIPTION
Extent viii, 741-1739p.
650 ## - SUBJECT ADDED ENTRY--TOPICAL TERM
Topical term or geographic name entry element Astronomy and Astrophysics Abstracts
9 (RLIN) 6052
650 ## - SUBJECT ADDED ENTRY--TOPICAL TERM
Topical term or geographic name entry element Astronomy and Astrophysics Thesaurus
700 ## - ADDED ENTRY--PERSONAL NAME
Personal name Esser, H
9 (RLIN) 19309
700 ## - ADDED ENTRY--PERSONAL NAME
Personal name Heinrich, I
9 (RLIN) 9916
700 ## - ADDED ENTRY--PERSONAL NAME
Personal name hoffmann, W
9 (RLIN) 19310
942 ## - ADDED ENTRY ELEMENTS (KOHA)
Koha item type Books
Holdings
Withdrawn status Lost status Source of classification or shelving scheme Damaged status Not for loan Home library Current library Shelving location Date acquired Total Checkouts Full call number Barcode Date last seen Price effective from Koha item type Purchase Price
    Dewey Decimal Classification     IIA Library-Bangalore IIA Library-Bangalore General Stacks 13/03/1995   048.1:52/ AAA-58B 12179 05/11/2021 13/03/1995 Books  

Powered by Koha